[Event "Vienna Chess Open 2013"]
[Site "Großer Festsaal im Wiener Rat"]
[Date "2013.08.19"]
[Round "3.12"]
[White "Broekmeulen, Jasper"]
[Black "Rolle, Eric"]
[Result "1-0"]
[WhiteElo "2253"]
[BlackElo "2443"]
[PlyCount "135"]
[EventDate "2013.??.??"]

1. Nf3 Nf6 2. g3 b6 3. Bg2 Bb7 4. O-O c5 5. d3 e6 6. e4 d5 7. e5 Nfd7 8. Re1
Nc6 9. Bf4 Be7 10. h4 h6 11. Qd2 Qc7 12. c3 O-O-O 13. Na3 a6 14. Nc2 Nf8 15. d4
Nh7 16. dxc5 bxc5 17. b4 g5 18. hxg5 hxg5 19. Nxg5 Nxg5 20. Bxg5 Bxg5 21. Qxg5
Rdg8 22. Qe3 Rh5 23. Qxc5 Nxe5 24. Qxc7+ Kxc7 25. Nd4 Kd6 26. Nb3 Bc6 27. Rad1
Ba4 28. Rd2 Bxb3 29. axb3 Ke7 30. Rde2 Nd3 31. Rd1 Ne5 32. Rde1 Nd3 33. Ra1 Rc8
34. Re3 Rxc3 35. Bf1 Rc1 36. Rxc1 Nxc1 37. Bxa6 d4 38. Re4 d3 39. Re1 d2 40.
Rd1 Nxb3 41. Kg2 Rh8 42. Bc4 Nd4 43. Rxd2 e5 44. Ra2 f5 45. Ra7+ Kd6 46. Ra5
Re8 47. f4 Nc2 48. Rd5+ Kc7 49. Rc5+ Kd6 50. Bf7 Nxb4 51. Rb5 Re7 52. fxe5+ Kc6
53. Rxb4 Rxf7 54. Kf3 Kc5 55. Rb1 Kd5 56. Kf4 Rg7 57. Rb6 Rg4+ 58. Kxf5 Rxg3
59. Rd6+ Kc5 60. Rd1 Re3 61. e6 Kc6 62. Kf6 Rf3+ 63. Kg7 Re3 64. Kf7 Rf3+ 65.
Ke8 Kc7 66. e7 Rf2 67. Rc1+ Kb7 68. Rc4 1-0

[Event "Vienna Chess Open 2013"]
[Site "Großer Festsaal im Wiener Rat"]
[Date "2013.08.19"]
[Round "3.13"]
[White "Moser, Eva"]
[Black "Menezes, Christoph"]
[Result "1-0"]
[WhiteElo "2251"]
[BlackElo "2433"]
[PlyCount "45"]
[EventDate "2013.??.??"]

1. e4 c5 2. c3 d5 3. exd5 Qxd5 4. d4 Nf6 5. Nf3 e6 6. a3 Nc6 7. Be3 cxd4 8.
cxd4 Be7 9. Nc3 Qd6 10. Bd3 O-O 11. O-O Rd8 12. Qe2 Bd7 13. Rad1 Rac8 14. Rfe1
Be8 15. Bb1 Nb8 16. Bg5 Bc6 17. Ne5 Bd5 18. Bxf6 Bxf6 19. Bxh7+ Kf8 20. Bb1
Bxe5 21. dxe5 Qc6 22. Qh5 Bxg2 23. Rxd8+ 1-0

[Event "Vienna Chess Open 2013"]
[Site "Großer Festsaal im Wiener Rat"]
[Date "2013.08.19"]
[Round "3.14"]
[White "Stigar, Petter"]
[Black "Dastan, M.Batuhan"]
[Result "0-1"]
[WhiteElo "2417"]
[BlackElo "2250"]
[PlyCount "100"]
[EventDate "2013.??.??"]

1. Nf3 d5 2. d4 Nf6 3. c4 c6 4. e3 Bf5 5. Bd3 Bxd3 6. Qxd3 e6 7. O-O Nbd7 8.
Rd1 Ne4 9. Nbd2 f5 10. b3 Bd6 11. Bb2 Qf6 12. Qe2 O-O 13. Ne1 Qh6 14. Ndf3 Qh5
15. g3 Ndf6 16. Kg2 Ng4 17. Nd3 Nxh2 18. c5 Bc7 19. Rh1 Qxf3+ 20. Qxf3 Nxf3 21.
Kxf3 g5 22. Rh6 Rf6 23. Rah1 Rxh6 24. Rxh6 Re8 25. b4 b5 26. Rh1 Nd2+ 27. Ke2
Nc4 28. Bc3 a6 29. Ra1 e5 30. dxe5 Nxe5 31. a4 Nxd3 32. Kxd3 Be5 33. Bxe5 Rxe5
34. axb5 axb5 35. Ra7 Re6 36. Rd7 h5 37. Ke2 h4 38. gxh4 gxh4 39. Kf1 Rg6 40.
Rd8+ Kg7 41. Rd7+ Kh6 42. Rd6 h3 43. f4 h2 44. Rxg6+ Kxg6 45. Kg2 Kf6 46. Kxh2
Ke6 47. Kg3 d4 48. exd4 Kd5 49. Kh4 Kxd4 50. Kh5 Ke3 0-1

[Event "Vienna Chess Open 2013"]
[Site "Großer Festsaal im Wiener Rat"]
[Date "2013.08.19"]
[Round "3.15"]
[White "Spornberger, Maximilian"]
[Black "Manik, Mikulas"]
[Result "1/2-1/2"]
[WhiteElo "2413"]
[BlackElo "2250"]
[PlyCount "26"]
[EventDate "2013.??.??"]

1. e4 c5 2. c3 Nf6 3. e5 Nd5 4. d4 cxd4 5. Nf3 Nc6 6. cxd4 d6 7. Bc4 Nb6 8. Bb5
d5 9. O-O Bf5 10. Nh4 Bd7 11. Bxc6 bxc6 12. Nc3 e6 13. Qg4 Rc8 1/2-1/2

[Event "Vienna Chess Open 2013"]
[Site "Großer Festsaal im Wiener Rat"]
[Date "2013.08.19"]
[Round "3.16"]
[White "Nuri, Kambez"]
[Black "Wallner, Joachim"]
[Result "1-0"]
[WhiteElo "2407"]
[BlackElo "2244"]
[PlyCount "65"]
[EventDate "2013.??.??"]

1. e4 Nf6 2. e5 Nd5 3. d4 d6 4. c4 Nb6 5. exd6 exd6 6. Nc3 Be7 7. Bd3 Nc6 8.
Nge2 O-O 9. O-O Bf6 10. b3 Bg4 11. Be3 d5 12. c5 Nc8 13. Qb1 g6 14. b4 Qd7 15.
b5 Nd8 16. f3 Be6 17. f4 Ne7 18. Ng3 Re8 19. f5 Nxf5 20. Bxf5 Bxf5 21. Nxf5
gxf5 22. Qd3 Bg7 23. Rf3 Re4 24. Qd2 Ne6 25. Nxe4 dxe4 26. Rxf5 Qxb5 27. Raf1
Rd8 28. Rxf7 Qc4 29. Qf2 Bxd4 30. Kh1 Bg7 31. Qf5 Qd5 32. Qxd5 Rxd5 33. Re7 1-0

[Event "Vienna Chess Open 2013"]
[Site "Großer Festsaal im Wiener Rat"]
[Date "2013.08.19"]
[Round "3.17"]
[White "Linster, Philippe"]
[Black "Mahdy, Khaled"]
[Result "1/2-1/2"]
[WhiteElo "2397"]
[BlackElo "2244"]
[PlyCount "65"]
[EventDate "2013.??.??"]

1. e4 c6 2. d4 d5 3. exd5 cxd5 4. c4 Nf6 5. Nc3 e6 6. Nf3 Be7 7. cxd5 exd5 8.
Bb5+ Nc6 9. Ne5 Bd7 10. Bxc6 bxc6 11. O-O O-O 12. Bf4 Be8 13. Na4 Ne4 14. Rc1
Rc8 15. f3 Nd6 16. Nc5 Rb8 17. b3 Rc8 18. Re1 Nf5 19. Qd3 g6 20. Ng4 Kh8 21.
Re2 h5 22. Ne3 Ng7 23. Rce1 Bf6 24. Nc2 Bd7 25. Nb7 Bf5 26. Qd2 Qb6 27. Nd6
Bxc2 28. Nxc8 Qxd4+ 29. Qxd4 Bxd4+ 30. Kh1 Bd3 31. Rd2 Bc3 32. Rxd3 Bxe1 33.
Nxa7 1/2-1/2

[Event "Vienna Chess Open 2013"]
[Site "Großer Festsaal im Wiener Rat"]
[Date "2013.08.19"]
[Round "3.18"]
[White "Pagerka, Martin"]
[Black "Manea, Alexandru"]
[Result "1/2-1/2"]
[WhiteElo "2390"]
[BlackElo "2243"]
[PlyCount "79"]
[EventDate "2013.??.??"]

1. e4 d5 2. exd5 Qxd5 3. Nc3 Qa5 4. d4 Nf6 5. Nf3 Bf5 6. Bc4 e6 7. h3 Bb4 8.
Bd2 O-O 9. a3 Bxc3 10. Bxc3 Qb6 11. Bb4 Re8 12. O-O Nc6 13. Bc5 Qxb2 14. Ra2
Qc3 15. Bb5 Nd7 16. Bxc6 bxc6 17. Bb4 Qc4 18. Qa1 Qd5 19. Re1 a5 20. Bd2 f6 21.
Bf4 Bxh3 22. c4 Qh5 23. Bxc7 e5 24. gxh3 Qxf3 25. Re3 Qf5 26. Rae2 Ra7 27. Bd6
Rb7 28. Qc3 Rb1+ 29. Kg2 Qg5+ 30. Rg3 Qc1 31. Qxc1 Rxc1 32. c5 Kf7 33. f4 Rc4
34. dxe5 Nxc5 35. f5 fxe5 36. Bxe5 Rg8 37. Rge3 Re8 38. Rg3 Rg8 39. Rge3 Re8
40. Rg3 1/2-1/2

[Event "Vienna Chess Open 2013"]
[Site "Großer Festsaal im Wiener Rat"]
[Date "2013.08.19"]
[Round "3.19"]
[White "Milenkovic, Mladen"]
[Black "Fuchs, Georg"]
[Result "1/2-1/2"]
[WhiteElo "2241"]
[BlackElo "2390"]
[PlyCount "69"]
[EventDate "2013.??.??"]

1. e4 e5 2. Nc3 Nc6 3. Bc4 Nf6 4. d3 Bb4 5. Nge2 d5 6. exd5 Nxd5 7. O-O Be6 8.
Bxd5 Bxd5 9. f4 Qd7 10. fxe5 Nxe5 11. Nxd5 Qxd5 12. c3 Be7 13. Nf4 Qd6 14. d4
Ng6 15. Nxg6 hxg6 16. Bf4 Qd7 17. Qb3 c5 18. d5 O-O-O 19. Rad1 Bd6 20. c4 Bxf4
21. Rxf4 Qd6 22. g3 f5 23. Qa4 Qe5 24. Rf2 Rxh2 25. Rxh2 Qxg3+ 26. Rg2 Qe3+ 27.
Rf2 Qg3+ 28. Kf1 Rh8 29. Qb3 Rh1+ 30. Ke2 Qg4+ 31. Qf3 Qxc4+ 32. Qd3 Qg4+ 33.
Qf3 Qc4+ 34. Qd3 Qg4+ 35. Qf3 1/2-1/2

[Event "Vienna Chess Open 2013"]
[Site "Großer Festsaal im Wiener Rat"]
[Date "2013.08.19"]
[Round "3.20"]
[White "Wittmann, Walter"]
[Black "Alvir, Aco"]
[Result "1/2-1/2"]
[WhiteElo "2383"]
[BlackElo "2214"]
[PlyCount "26"]
[EventDate "2013.??.??"]

1. e4 g6 2. d4 Bg7 3. Nf3 d6 4. Bc4 Nc6 5. c3 Nf6 6. Qe2 O-O 7. e5 dxe5 8. dxe5
Nd5 9. h3 Bf5 10. O-O Nb6 11. Bb5 Qd5 12. Re1 Rfd8 13. Bf4 Bd3 1/2-1/2

[Event "Vienna Chess Open 2013"]
[Site "Großer Festsaal im Wiener Rat"]
[Date "2013.08.19"]
[Round "3.21"]
[White "Pirrot, Dieter"]
[Black "Ramondino, Renzo"]
[Result "1/2-1/2"]
[WhiteElo "2205"]
[BlackElo "2377"]
[PlyCount "32"]
[EventDate "2013.??.??"]

1. e4 c5 2. c3 d6 3. d4 Nf6 4. Bd3 g6 5. h3 Bg7 6. Nf3 O-O 7. O-O Qc7 8. Qe2
Nc6 9. d5 Ne5 10. Nxe5 dxe5 11. c4 Nh5 12. Re1 Nf4 13. Bxf4 exf4 14. e5 f3 15.
Qxf3 Bxe5 16. Nc3 Bxc3 1/2-1/2

[Event "Vienna Chess Open 2013"]
[Site "Großer Festsaal im Wiener Rat"]
[Date "2013.08.19"]
[Round "3.22"]
[White "Ratko, Grab"]
[Black "Kuznecov, Mikhail"]
[Result "0-1"]
[WhiteElo "2364"]
[BlackElo "2164"]
[PlyCount "40"]
[EventDate "2013.??.??"]

1. d4 d6 2. Nf3 Nf6 3. g3 Nbd7 4. Bg2 e5 5. O-O Be7 6. c4 O-O 7. Nc3 c6 8. Qc2
Qc7 9. b3 Re8 10. Bb2 Bf8 11. e3 exd4 12. exd4 Nb6 13. Rfe1 Bg4 14. Ne4 Nxe4
15. Rxe4 Bf5 16. Re7 Qxe7 17. Qxf5 Qe6 18. Qh5 Qg6 19. Qa5 Qc2 20. Bc1 Qd1+ 0-1

[Event "Vienna Chess Open 2013"]
[Site "Großer Festsaal im Wiener Rat"]
[Date "2013.08.19"]
[Round "3.23"]
[White "Arnold, Max"]
[Black "Vavulin, Maxim"]
[Result "1/2-1/2"]
[WhiteElo "2360"]
[BlackElo "2151"]
[PlyCount "45"]
[EventDate "2013.??.??"]

1. d4 Nf6 2. Bg5 d5 3. e3 Nbd7 4. Nf3 c5 5. dxc5 Qa5+ 6. Nbd2 e6 7. a3 Qxc5 8.
c4 Ne4 9. b4 Qc7 10. Rc1 Nxg5 11. Nxg5 Qd8 12. Ngf3 a5 13. cxd5 exd5 14. Bb5
Be7 15. Ne5 O-O 16. Rxc8 Rxc8 17. Nxd7 axb4 18. Nxf8 bxa3 19. O-O Qa5 20. Ba4
Kxf8 21. Bc2 a2 22. Nb3 Qc3 23. Na1 1/2-1/2

[Event "Vienna Chess Open 2013"]
[Site "Großer Festsaal im Wiener Rat"]
[Date "2013.08.19"]
[Round "3.24"]
[White "Prinzjakowitsch, Bernhard"]
[Black "Kaufeld, Juergen"]
[Result "0-1"]
[WhiteElo "2348"]
[BlackElo "2138"]
[PlyCount "86"]
[EventDate "2013.??.??"]

1. e4 c5 2. Nf3 e6 3. d4 cxd4 4. Nxd4 a6 5. Nc3 b5 6. Be2 Bb7 7. Bf3 Qc7 8. O-O
d6 9. g3 Nf6 10. Re1 Be7 11. Bg2 O-O 12. f4 Rd8 13. a3 Nc6 14. Nxc6 Bxc6 15.
Qe2 Rac8 16. Bd2 Qb7 17. g4 a5 18. g5 Nd7 19. Rad1 Bf8 20. b4 axb4 21. axb4 d5
22. exd5 exd5 23. Qg4 Nb6 24. f5 Nc4 25. Ne2 Qb6+ 26. Qd4 Qc7 27. Bc3 Ba8 28.
Rd3 Nd6 29. Red1 Nxf5 30. Qg4 Qb6+ 31. Nd4 g6 32. Kh1 Rc4 33. Qh3 Rxc3 34. Rxc3
Nxd4 35. Qe3 Bg7 36. Rcd3 Qc7 37. Rxd4 Bxd4 38. Rxd4 Qxc2 39. h4 Qc7 40. h5
gxh5 41. Bf3 Qg3 42. Qe2 Bc6 43. Bxh5 Re8 0-1

[Event "Vienna Chess Open 2013"]
[Site "Großer Festsaal im Wiener Rat"]
[Date "2013.08.19"]
[Round "3.25"]
[White "Snihur, Piotr"]
[Black "Brühl, Andreas"]
[Result "0-1"]
[WhiteElo "2343"]
[BlackElo "2122"]
[PlyCount "134"]
[EventDate "2013.??.??"]

1. e4 e5 2. Nf3 Nc6 3. Bb5 a6 4. Ba4 Nf6 5. d4 exd4 6. O-O Be7 7. Re1 O-O 8. e5
Ne8 9. c3 dxc3 10. Nxc3 d6 11. exd6 Nxd6 12. Nd5 Re8 13. Ne5 Bd7 14. Nxd7 Qxd7
15. Bxc6 bxc6 16. Nxe7+ Rxe7 17. Rxe7 Qxe7 18. Be3 Nc4 19. Bd4 Rd8 20. Qg4 Ne5
21. Qe4 Rd5 22. Bc3 Qd6 23. Re1 f6 24. Qf5 Qd7 25. Qxd7 Nxd7 26. Kf1 Kf7 27.
Re4 Nb6 28. Ke2 c5 29. b3 h5 30. h4 f5 31. Re5 c6 32. Re3 c4 33. Be5 Ra5 34. a4
cxb3 35. Bd4 Rxa4 36. Rxb3 Rxd4 37. Rxb6 Re4+ 38. Kf3 Rxh4 39. Rxc6 Ra4 40. g3
a5 41. Ra6 g6 42. Kg2 Kg7 43. Kh3 Kh6 44. Kh2 h4 45. Kh3 hxg3 46. Kxg3 Kg5 47.
Kg2 Ra3 48. Rc6 a4 49. Rc4 Ra1 50. Rc6 a3 51. Ra6 Kh5 52. Ra5 a2 53. Ra4 g5 54.
Ra5 Kg6 55. Ra6+ Kf7 56. Ra5 Ke6 57. f3 f4 58. Ra6+ Kf5 59. Ra5+ Kg6 60. Ra8 g4
61. Ra6+ Kg5 62. Ra5+ Kh4 63. Kh2 gxf3 64. Ra4 Kg4 65. Ra8 f2 66. Ra7 f1=Q 67.
Rg7+ Kf3 0-1

[Event "Vienna Chess Open 2013"]
[Site "Großer Festsaal im Wiener Rat"]
[Date "2013.08.19"]
[Round "3.26"]
[White "Tjomsland, Stig"]
[Black "Higatsberger, Michael"]
[Result "0-1"]
[WhiteElo "2178"]
[BlackElo "2337"]
[PlyCount "104"]
[EventDate "2013.??.??"]

1. d4 d5 2. c4 c6 3. Nf3 Nf6 4. g3 dxc4 5. Bg2 Nbd7 6. Nc3 e6 7. O-O Be7 8. a4
a5 9. e4 O-O 10. Qe2 Nb6 11. Rd1 Nfd7 12. Nd2 Re8 13. Nxc4 Nxc4 14. Qxc4 Qb6
15. Be3 Qb4 16. Qe2 e5 17. Qc2 Bf8 18. h3 Qe7 19. d5 Qf6 20. h4 Qg6 21. Qe2 Nf6
22. d6 Be6 23. Bb6 Bg4 24. Bf3 Bxf3 25. Qxf3 Nd7 26. Bc7 Qe6 27. Qe3 g6 28.
Rac1 h5 29. Nb1 Kh7 30. Rc2 Bh6 31. Qe2 Rf8 32. Na3 f5 33. exf5 Rxf5 34. Nc4
Raf8 35. Rf1 Rf3 36. Bxa5 Qg4 37. Qe1 Bf4 38. Rc3 Bxg3 39. fxg3 Rxf1+ 40. Qxf1
Rxf1+ 41. Kxf1 Qd1+ 42. Kg2 Qxa4 43. Bd8 Qb4 44. Be7 b5 45. Ne3 Qxb2+ 46. Rc2
Qd4 47. Kf2 e4 48. Ra2 Ne5 49. Bg5 b4 50. Ke2 b3 51. Rd2 Nd3 52. Nd1 Qg1 0-1

[Event "Vienna Chess Open 2013"]
[Site "Großer Festsaal im Wiener Rat"]
[Date "2013.08.19"]
[Round "3.27"]
[White "Deglmann, Ludwig"]
[Black "Lucaci, Marius"]
[Result "1/2-1/2"]
[WhiteElo "2161"]
[BlackElo "2332"]
[PlyCount "91"]
[EventDate "2013.??.??"]

1. c4 Nf6 2. Nc3 e6 3. d4 d5 4. cxd5 exd5 5. Bg5 Be7 6. e3 O-O 7. Bd3 c6 8. Qc2
h6 9. Bf4 Nbd7 10. Nge2 Nh5 11. Be5 Re8 12. h3 Bb4 13. Bh2 Nhf6 14. a3 Bf8 15.
O-O Qe7 16. b4 a6 17. Na4 a5 18. b5 c5 19. dxc5 Nxc5 20. Nb6 Ra7 21. Bb8 Bf5
22. Bxf5 Rxb8 23. Nc8 Rxc8 24. Bxc8 b6 25. Bf5 Qe5 26. Nd4 Bd6 27. Nf3 Qe7 28.
Rfd1 Rc7 29. Qb2 Na4 30. Qb3 Nc5 31. Qb2 Na4 32. Qb3 Nc5 33. Qb1 Na4 34. Rc1
Nc3 35. Qd3 Nfe4 36. Nd4 Qe5 37. f4 Qf6 38. Rc2 Bc5 39. Rxc3 Nxc3 40. Qxc3 Bxd4
41. Qxd4 Qxf5 42. Qxb6 Rc2 43. Qd4 Rc4 44. Qd1 Qe6 45. Qf3 Rc3 46. Rd1 1/2-1/2

[Event "Vienna Chess Open 2013"]
[Site "Großer Festsaal im Wiener Rat"]
[Date "2013.08.19"]
[Round "3.28"]
[White "Srienz, Christian"]
[Black "Vavruška, Antonín"]
[Result "1-0"]
[WhiteElo "2156"]
[BlackElo "2312"]
[PlyCount "61"]
[EventDate "2013.??.??"]

1. c4 f5 2. g3 Nf6 3. Bg2 d6 4. Nc3 e5 5. d3 Be7 6. e4 O-O 7. exf5 c6 8. g4 a5
9. h3 Na6 10. Nge2 Ne8 11. O-O g6 12. fxg6 hxg6 13. d4 Qc7 14. Be3 Be6 15. d5
Bf7 16. Ng3 Nf6 17. Qd2 Rad8 18. Bh6 Rfe8 19. f4 cxd5 20. cxd5 Nb4 21. f5 Nfxd5
22. fxg6 Be6 23. Nh5 Qc5+ 24. Kh2 Nxc3 25. bxc3 Nd5 26. Rf7 Qxc3 27. Rg7+ Kh8
28. Rh7+ Kg8 29. Qxd5 Bh4 30. Qxb7 Bg3+ 31. Nxg3 1-0

[Event "Vienna Chess Open 2013"]
[Site "Großer Festsaal im Wiener Rat"]
[Date "2013.08.19"]
[Round "3.29"]
[White "Weinzettl, Ernst"]
[Black "Berndt, Matthias"]
[Result "1/2-1/2"]
[WhiteElo "2139"]
[BlackElo "2304"]
[PlyCount "47"]
[EventDate "2013.??.??"]

1. e4 e6 2. d4 b6 3. Nf3 Bb7 4. Bd3 d5 5. exd5 Qxd5 6. O-O Nf6 7. Bg5 Be7 8.
Nc3 Qd8 9. Qe2 O-O 10. Rad1 Nbd7 11. Rfe1 Re8 12. Ne5 Nxe5 13. dxe5 Nd5 14.
Nxd5 exd5 15. e6 Bxg5 16. exf7+ Kxf7 17. Qh5+ Kf8 18. Rxe8+ Qxe8 19. Qxg5 h6
20. Qg3 Qe7 21. h3 Rd8 22. Qf4+ Qf7 23. Qa4 a5 24. Re1 1/2-1/2

[Event "Vienna Chess Open 2013"]
[Site "Großer Festsaal im Wiener Rat"]
[Date "2013.08.19"]
[Round "3.30"]
[White "Shchekachev, Andrei"]
[Black "Goepfert, Jakob"]
[Result "1/2-1/2"]
[WhiteElo "2075"]
[BlackElo "2527"]
[PlyCount "68"]
[EventDate "2013.??.??"]

1. Nf3 c5 2. b3 d5 3. e3 Nf6 4. Bb2 Nc6 5. Bb5 Bd7 6. O-O a6 7. Bxc6 Bxc6 8.
Ne5 Qc7 9. d3 g6 10. f4 Bg7 11. Nd2 O-O 12. Qe1 b6 13. Qh4 Ne8 14. Rae1 Bb7 15.
Rf3 Bf6 16. Qh3 e6 17. Rf2 Qe7 18. Ndf3 Bg7 19. Ng5 h6 20. Ngf3 Nd6 21. Ba1
Rad8 22. Ng4 Bxa1 23. Rxa1 h5 24. Nge5 Kg7 25. Nd2 f6 26. Nef3 e5 27. fxe5 fxe5
28. Qg3 e4 29. Ne5 Qe6 30. Raf1 Nf5 31. Qg5 Qxe5 32. Rxf5 Rxf5 33. Rxf5 Qxf5
34. Qe7+ Qf7 1/2-1/2

[Event "Vienna Chess Open 2013"]
[Site "Großer Festsaal im Wiener Rat"]
[Date "2013.08.19"]
[Round "3.31"]
[White "Neuschmied, Siegfried"]
[Black "Hawkins, Jonathan"]
[Result "0-1"]
[WhiteElo "2521"]
[BlackElo "2227"]
[PlyCount "138"]
[EventDate "2013.??.??"]

1. e4 c6 2. d4 d5 3. exd5 cxd5 4. Bd3 Nc6 5. c3 Qc7 6. h3 Nf6 7. Nf3 g6 8. Qc2
Bg7 9. O-O O-O 10. Be3 Bd7 11. Re1 Nh5 12. Qc1 e5 13. dxe5 Nxe5 14. Nxe5 Bxe5
15. Nd2 Nf4 16. Bf1 Bd6 17. Nf3 Bf5 18. Qd2 Be4 19. Ng5 Rad8 20. Nxe4 dxe4 21.
Bd4 f5 22. Qc2 Be5 23. Bxa7 Nd3 24. Qb3+ Qf7 25. Qxf7+ Kxf7 26. Bxd3 Rxd3 27.
Rad1 Rfd8 28. Rxd3 Rxd3 29. Be3 Ke6 30. Kf1 f4 31. Bc1 Kf5 32. Ke2 g5 33. f3 h5
34. fxe4+ Kxe4 35. Kf2+ Kf5 36. Ke2 Rg3 37. Kf2 Bd6 38. Rd1 Bc5+ 39. Kf1 Ke4
40. Re1+ Kd3 41. Re2 f3 42. Rd2+ Kc4 43. Rc2 f2 44. Rxf2 Bxf2 45. Kxf2 h4 46.
Be3 Kd3 47. Bd4 g4 48. hxg4 Kc2 49. a4 Kxb2 50. a5 Rxg4 51. Kf3 Rg3+ 52. Kf2
Kb3 53. Bf6 Rg4 54. Kf3 Ra4 55. Ke3 Kc2 56. Kf3 Kd3 57. Bd4 Rxa5 58. Kg4 Ra2
59. Kh3 b5 60. Bf6 Re2 61. Bxh4 Kxc3 62. Bf6+ Kc4 63. g4 Kd5 64. Kg3 b4 65. g5
Ke6 66. Kf3 Re1 67. Kf2 Re4 68. Kf3 Kf5 69. Bb2 Re6 0-1

[Event "Vienna Chess Open 2013"]
[Site "Großer Festsaal im Wiener Rat"]
[Date "2013.08.19"]
[Round "3.32"]
[White "Stanec, Nikolaus"]
[Black "Zoldan, Matteo"]
[Result "1-0"]
[WhiteElo "2222"]
[BlackElo "2516"]
[PlyCount "87"]
[EventDate "2013.??.??"]

1. e4 c5 2. Nf3 d6 3. c3 Nf6 4. h3 g6 5. Bd3 Bg7 6. O-O O-O 7. Bc2 Nc6 8. d4
cxd4 9. cxd4 d5 10. e5 Ne4 11. Nc3 Bf5 12. Ne2 f6 13. Nf4 fxe5 14. dxe5 Nxe5
15. Nxe5 Bxe5 16. Qxd5+ Qxd5 17. Nxd5 e6 18. Ne7+ Kf7 19. Nxf5 exf5 20. Re1
Rfe8 21. Be3 b6 22. Rad1 Rad8 23. Ba4 Rf8 24. f3 Rxd1 25. Bxd1 Bg3 26. Re2 Nc5
27. b4 Rd8 28. Bc2 Ne6 29. Bb3 Kf6 30. Bxb6 axb6 31. Rxe6+ Kg5 32. Rxb6 Rc8 33.
Kf1 Kf4 34. Ke2 Rc1 35. b5 Rg1 36. a4 Rxg2+ 37. Kd3 Rb2 38. Kc3 Re2 39. Rb7
Re3+ 40. Kb2 Be1 41. Rxh7 Kxf3 42. b6 Re8 43. b7 g5 44. Re7 1-0

[Event "Vienna Chess Open 2013"]
[Site "Großer Festsaal im Wiener Rat"]
[Date "2013.08.19"]
[Round "3.33"]
[White "Hertneck, Gerald"]
[Black "Mitchell, Martin"]
[Result "1/2-1/2"]
[WhiteElo "2215"]
[BlackElo "2499"]
[PlyCount "113"]
[EventDate "2013.??.??"]

1. d4 Nf6 2. Bg5 c5 3. Bxf6 gxf6 4. e3 Qb6 5. Nc3 cxd4 6. Qxd4 Qxb2 7. Rb1 Qa3
8. Bb5 Nc6 9. Bxc6 dxc6 10. Nge2 Rg8 11. O-O b6 12. Rfd1 Qd6 13. Qe4 f5 14. Qf3
Qc7 15. Nd4 Bb7 16. Qxf5 Rd8 17. Ne6 fxe6 18. Qxh7 Rg5 19. Rxd8+ Qxd8 20. Rd1
Rd5 21. Nxd5 exd5 22. c4 Qd6 23. e4 d4 24. Qh5+ Kd8 25. e5 Qd7 26. Qf7 Bh6 27.
Qg6 Bf8 28. Qg8 Qf5 29. Rxd4+ Kc7 30. Qg4 Bc8 31. Qxf5 Bxf5 32. g4 Bd7 33. g5
Bg7 34. f4 c5 35. Rd2 b5 36. cxb5 Bxb5 37. Kf2 e6 38. Rd6 Bc4 39. h4 Bxa2 40.
Ra6 Bd5 41. Rxa7+ Bb7 42. h5 Bf8 43. h6 c4 44. Ke3 Kb6 45. Ra1 Bc5+ 46. Ke2 Be4
47. Rh1 Bh7 48. g6 Bxg6 49. h7 Bxh7 50. Rxh7 Kc6 51. Kf3 c3 52. Rh2 Kd5 53. Re2
Kd4 54. f5 exf5 55. e6 Be7 56. Re1 c2 57. Rc1 1/2-1/2

[Event "Vienna Chess Open 2013"]
[Site "Großer Festsaal im Wiener Rat"]
[Date "2013.08.19"]
[Round "3.34"]
[White "Lechner, Daniel"]
[Black "Arkell, Keith"]
[Result "0-1"]
[WhiteElo "2444"]
[BlackElo "2223"]
[PlyCount "84"]
[EventDate "2013.??.??"]

1. d4 e6 2. c4 Bb4+ 3. Bd2 Qe7 4. Nf3 Nf6 5. g3 Nc6 6. Nc3 O-O 7. Bg2 d5 8.
cxd5 exd5 9. O-O Bg4 10. Bg5 Rad8 11. h3 Bxf3 12. Bxf3 Bxc3 13. bxc3 Na5 14.
Qc1 h6 15. Bf4 Nc4 16. g4 Ne4 17. Kg2 g5 18. Bh2 Ned2 19. Rd1 Nxf3 20. exf3 f5
21. f4 fxg4 22. hxg4 Qe4+ 23. Kg1 Qf3 24. Qc2 Qxg4+ 25. Kh1 Qf3+ 26. Kg1 Rd7
27. Qd3 Qxd3 28. Rxd3 gxf4 29. Re1 Rg7+ 30. Kf1 Ne3+ 31. Ke2 Ng4 32. Rh1 f3+
33. Kf1 Nxh2+ 34. Rxh2 Rg6 35. Re3 Ra6 36. Kg1 Rff6 37. Rh3 Rxa2 38. Re7 Rg6+
39. Rg3 Rxg3+ 40. fxg3 a5 41. Rxc7 a4 42. Rxb7 a3 0-1

[Event "Vienna Chess Open 2013"]
[Site "Großer Festsaal im Wiener Rat"]
[Date "2013.08.19"]
[Round "3.35"]
[White "Houska, Jiri"]
[Black "Beshukov, Sergei"]
[Result "0-1"]
[WhiteElo "2441"]
[BlackElo "2220"]
[PlyCount "66"]
[EventDate "2013.??.??"]

1. d4 g6 2. e4 c6 3. c4 Na6 4. Nc3 Bg7 5. Nf3 Nc7 6. Be2 d5 7. O-O dxe4 8. Nxe4
Nh6 9. Ng3 O-O 10. h3 Nf5 11. Nxf5 Bxf5 12. Be3 b5 13. Rc1 bxc4 14. Rxc4 Be4
15. Qd2 Bd5 16. Rc3 Ne6 17. b3 Rc8 18. Ng5 Nc7 19. Rfc1 Rb8 20. Bf4 Rb7 21.
Bxc7 Rxc7 22. Nf3 Qd6 23. Qe3 Rfc8 24. Ba6 Rd8 25. Bc4 Bxf3 26. Qxf3 e6 27. Bf1
Qa3 28. Rxc6 Qxc1 29. Rxc1 Rxc1 30. g3 Bxd4 31. Qe2 Bb6 32. Qb5 Rdd1 33. Kg2
Rxf1 0-1

[Event "Vienna Chess Open 2013"]
[Site "Großer Festsaal im Wiener Rat"]
[Date "2013.08.19"]
[Round "3.36"]
[White "Drozdowski, Kacper"]
[Black "Dzierzenga, Stefan"]
[Result "1-0"]
[WhiteElo "2195"]
[BlackElo "2437"]
[PlyCount "83"]
[EventDate "2013.??.??"]

1. Nf3 c5 2. e4 Nc6 3. d4 cxd4 4. Nxd4 g6 5. c4 Bg7 6. Be3 Nf6 7. Nc3 O-O 8.
Be2 e6 9. Nxc6 dxc6 10. Qxd8 Rxd8 11. e5 Nd7 12. f4 f6 13. exf6 Nxf6 14. Bf3 e5
15. fxe5 Nd7 16. O-O-O Re8 17. Ne4 Nxe5 18. Nd6 Rf8 19. Nxc8 Raxc8 20. Be2 b6
21. c5 bxc5 22. Bxc5 Rf4 23. Rhe1 Nc4 24. g3 Re4 25. Bd3 Bh6+ 26. Kb1 Nd2+ 27.
Kc2 Rxe1 28. Rxe1 Nf3 29. Rf1 Ne5 30. Bxa7 Bg7 31. Be2 Ra8 32. Bc5 h5 33. Bd4
Kh8 34. a3 Ra4 35. Rf4 Ra5 36. Re4 Rd5 37. b4 Nd7 38. Bxg7+ Kxg7 39. a4 Kf6 40.
a5 c5 41. b5 Rd6 42. h4 1-0

[Event "Vienna Chess Open 2013"]
[Site "Großer Festsaal im Wiener Rat"]
[Date "2013.08.20"]
[Round "4.1"]
[White "Dastan, M.Batuhan"]
[Black "Sokolov, Ivan"]
[Result "1-0"]
[WhiteElo "2656"]
[BlackElo "2417"]
[PlyCount "101"]
[EventDate "2013.??.??"]

1. e4 e5 2. Nf3 Nc6 3. Bc4 Bc5 4. c3 Nf6 5. d3 a6 6. Bb3 Ba7 7. O-O h6 8. Nbd2
d6 9. Re1 Nh7 10. Nf1 Qf6 11. Ne3 Ne7 12. d4 O-O 13. h3 c6 14. dxe5 dxe5 15.
Nh2 Qg6 16. Nhg4 Bb8 17. Nc4 Bxg4 18. Qxg4 Qxg4 19. hxg4 Bc7 20. Be3 Nf6 21.
Bc5 Rae8 22. Rad1 g5 23. f3 Kg7 24. Ne3 Rh8 25. Bxe7 Rxe7 26. Nf5+ Kf8 27. Nxe7
Kxe7 28. Kf2 h5 29. Rh1 Bb6+ 30. Ke2 h4 31. g3 Bd8 32. Rh3 Ne8 33. Bxf7 Nd6 34.
Bg6 Rh6 35. Bf5 Ke8 36. f4 exf4 37. gxf4 gxf4 38. Rhd3 Nf7 39. Rxd8+ Nxd8 40.
g5 Rh8 41. Kf3 h3 42. Kxf4 h2 43. Rh1 Ke7 44. Kg3 Nf7 45. g6 Ne5 46. Rxh2 Rxh2
47. Kxh2 Nd3 48. Kg3 Nxb2 49. Kf4 Kf6 50. e5+ Kg7 51. Kg5 1-0

[Event "Vienna Chess Open 2013"]
[Site "Großer Festsaal im Wiener Rat"]
[Date "2013.08.20"]
[Round "4.3"]
[White "Kuznecov, Mikhail"]
[Black "Buhmann, Rainer"]
[Result "1/2-1/2"]
[WhiteElo "2583"]
[BlackElo "2364"]
[PlyCount "82"]
[EventDate "2013.??.??"]

1. d4 d5 2. c4 e6 3. Nc3 Nf6 4. cxd5 exd5 5. Bg5 c6 6. e3 Nbd7 7. Bd3 Be7 8.
Nge2 O-O 9. Qc2 Re8 10. O-O Nf8 11. a3 Nh5 12. Bxe7 Qxe7 13. Rae1 Nf6 14. Ng3
Be6 15. f3 Rad8 16. Qf2 a6 17. h3 c5 18. dxc5 Qxc5 19. Nce2 Bd7 20. Nd4 Qb6 21.
Rc1 Ne6 22. Rfe1 g6 23. Bb1 Rc8 24. Qd2 Nxd4 25. Qxd4 Qxd4 26. exd4 Rxc1 27.
Rxc1 Bb5 28. Kf2 Bc4 29. Re1 Rxe1 30. Kxe1 Kf8 31. Bc2 a5 32. b3 Bb5 33. Kd2
Ke7 34. Ke3 Ne8 35. h4 Ng7 36. Nh1 Bf1 37. g4 h6 38. Ng3 Bb5 39. Kf4 Ne6+ 40.
Ke3 Ng7 41. Kf4 Ne6+ {Ke4} 1/2-1/2